Statistics for Geometry Dash Fill in the Blank

Click here to take the quiz!

General Stats

  • This quiz has been taken 39 times
  • The average score is 12 of 34

Answer Stats

HintAnswer% Correct
___bath / ___lustblood
100%
finger___ / ___dash
72%
___ ___ /___ ___ infinity / ___ ___ rebirthsonic wave
69%
super___ / ultra___ / hyper___ / sub___sonic
50%
___ / deadly ___ / silent ___clubstep
47%
___ theory / ___ processing / ___ dynamixquantum
44%
___ airflow / ___ impactchaoz
41%
___ into exile / digital ___descent
41%
windy ___ / verdant ___landscape
41%
another ___ / the ultimate ___phase
41%
___ / ___ reduxstalemate
41%
side___ / ___ to hellstep
41%
___ blizzard / ___ flagblack
38%
___ / ___clysm / ___ boss fightkappa
38%
white ___ / thinking ___space
38%
fire ___ / forest ___ / ___ of timetemple
38%
___ ___ factory / ___ ___ dignity / ___ ___ infernothe hell
38%
down ___ / ___ cavebass
34%
___ clutter / ___ planetcrimson
34%
___ guts / ___ skyline / forsaken ___neon
34%
___ rider / ___ party / ___shadenight
34%
dark ___ / lonely ___ / ancient ___travel
34%
___ bird / ___ hexagonflappy
31%
death ___ / the ___ belowmoon
28%
___ moment / ___ entropyeternal
25%
ultra ___ / hyper ___paracosm
25%
___ / ___ boltcrazy
19%
___ / ___l darknessaurora
16%
thunder ___ / ___ xalphabet
13%
re___ / ___ ascent
altered
13%
___ / ___ cavefrozen
13%
___ / ___ coexistencetwilight
6%
___ chasm / the ___nightmare
3%
___ / ___ rushretention
0%

Score Distribution

Percentile by Number Answered

Percent of People with Each Score

Your Score History

You have not taken this quiz